000
00234nam a2200121Ia 4500
100
_a
Tata steel
942
_c
BK
654
_a
ISO 9000
245
_a
ISO 9000 Tata Steel Manual
260
_b
none
546
_a
ENGLISH
999
_c
19276
_d
19276